000 00538nam a22001937a 4500
003 KOHA_MİRAKIL
005 20250930143241.0
008 250930b tu ||||| |||| 00| 0 tur d
020 _a9786055290498
040 _aTR-AnABB
_btur
_cTR-AnABB
041 _atur
082 _a828.3354
_bBOS 2020
100 1 _aBoschert, James,
245 1 0 _aTalon'un oğlu fedai Rüstem /
_cJames Boschert
260 _aAnkara :
_bYurt Kitap,
_c2020
300 _a512 sayfa ;
_c18 cm
650 0 4 _aAmerikan edebiyatı, roman
942 _2ddc
_cBK
999 _c8977
_d8977
900 _bGizem YORULMAZ